Quizzes
Events
Quiz Creation
Community
Videos
Private Events
Remove Ads
Sign In
Join for FREE
Feedback
Dark Mode
Quiz Categories
Sports
Geography
Music
Movies
Television
Just For Fun
Miscellaneous
History
Literature
Language
Science
Gaming
Entertainment
Religion
Holiday
For Kids
Quiz Lab
Recent
Popular Today
Quiz Kudos Today
Editor Picks
Curator Picks
Quizzes by...
Day
Popularity
Type
Ratings
Length
Year
Community
Subscriptions
Recent Discussions
Orange Saloon
Badges
Playlists
Quests
Create
Leaderboards
Showdown
Live 5
Trivia Bingo
Activity
Puzzle Library
Sporcle Events
Private Events
Virtual Trivia
Globe League
Become a Host
Pub Owners
SporcleCon
Opinionation
Our Games
Videos
Blog
Mobile Apps
Partnerships
Remove Ads and Go Orange
Feedback
Sports
Athletes
MLB
NBA
NHL
NFL
Soccer
Sports Teams
WWE
NCAA
Football
Premier League
Basketball
Baseball
Hockey
Golf
Tennis
Cricket
Rugby
Auto Racing
Olympics
World Cup
Sports
Athletes
MLB
NBA
NHL
NFL
Soccer
Sports Teams
WWE
NCAA
Football
Premier League
Basketball
Baseball
Hockey
Golf
Tennis
Cricket
Rugby
Auto Racing
Olympics
World Cup
Random Quiz
Search Sporcle
×
Quiz Lab
Quiz Lab
Sports
Baseball
Type in answers that appear in a list
Type in answers that appear in a list
Classic
Best Score? Go Orange.
Major League Baseball Achievements 2012 Stats
Can you name the Major League Baseball Achievements of 2012?
By
BrewFan101
10m
31 Questions
90 Plays
90 Plays
90 Plays
Comments
Comments
Give Quiz Kudos
Give Quiz Kudos
-
- Ratings
hide this ad
Replay
Link that replays current quiz
Next Quiz
Link to next quiz in quiz playlist
You Got
0%
They Got
Avg Score
62%
Avg Friend Score
Upgrade to see
Score Distribution
Jump to the score distribution portion of the page
Score
0/31
Timer
10:00
0
Plays Today
Achievement
Player
% Correct
Triple Crown
Miguel Cabrera
96.7%
Hitter 40 Home Runs
Miguel Cabrera
96.7%
Four Home Runs in Game
Josh Hamilton
91.1%
Hitter 40 Home Runs
Josh Hamilton
91.1%
WAR Above 10.0
Mike Trout
88.9%
Pitcher 20 Wins
R.A. Dickey
82.2%
Pitcher 20 Wins
Gio Gonzalez
78.9%
Perfect Game
Philip Humber
77.8%
Hitter 40 Home Runs
Curtis Granderson
75.6%
Perfect Game
Felix Hernandez
74.4%
Perfect Game
Matt Cain
71.1%
No Hitter
Jered Weaver
66.7%
Pitcher 20 Wins
Jered Weaver
66.7%
Pitcher 40 Saves
Craig Kimbrel
66.7%
Pitcher 20 Wins
David Price
64.4%
Pitcher 40 Saves
Jim Johnson
64.4%
Achievement
Player
% Correct
Hitter 40 Home Runs
Adam Dunn
62.2%
No Hitter
Homer Bailey
61.1%
Hitter 40 Home Runs
Ryan Braun
61.1%
Cycle
Aaron Hill
58.9%
Hitter 40 Home Runs
Edwin Encarnacion
58.9%
No Hitter
Johan Santana
57.8%
Pitcher 40 Saves
Fernando Rodney
55.6%
Pitcher 40 Saves
Rafael Soriano
48.9%
Hitter 50 Doubles
Albert Pujols
45.6%
No Hitter
Seattle Mariners
44.4%
Cycle
Adrian Beltre
40%
Pitcher 40 Saves
Jason Motte
36.7%
Hitter 50 Doubles
Alex Gordon
26.7%
Hitter 50 Doubles
Aramis Ramirez
21.1%
Cycle
Scott Hairston
13.3%
Quiz Playlist
Details
Report
Send in Message
Add To Playlist
Classic:
Type in answers that appear in a list
Last Updated: Feb 16, 2017
Quiz Scoreboard
CHALLENGE
Sign Up to Join the Scoreboard
Show All
Scores
Hide
Comments
May contain spoilers
Recently Published
Movies - When Are They Set?
by FPL_Elf
Movies
5m
Popular People in 1961
by mucciniale
History
6m
1-10 Letter E Words III
by El_Dandy
Language
2m
More to Explore
Quiz From the Vault
Featured Blog Post
Where Did the Easter Bunny Come From?
hide this ad
You Might Also Like...
Tags
Baseball Quiz
2012
Achievement
League
major
Major League
Today's Top Quizzes in Sports
Browse Sports
hide this ad
Today's Top Quizzes in Baseball
Browse Baseball
Top Contributed Quizzes in Sports
1
Les meilleurs buteurs des matchs entre le PSG et l’OM
2
2022 World Cup Stars
3
FIFA Club World Cup Champions
4
Les entraîneurs de l'OM et du PSG au 21e siècle
5
Name the Premier League winners with different clubs
6
La finale Lions - Afrique du Sud 2021
7
Criteria MLB: Left Handed Sluggers
8
Les joueurs passés par le LOSC et le RC Lens
9
Players with Multiple 50 Home Run Seasons
10
MLB Players with Two .350 Batting Average Seasons
Explore More
Trending Topics
Anime
NBA
Kpop
Crossword
Harry Potter
Disney
Marvel
Pokémon
Puzzle
Soccer
Song
WWE
The Office
Country
NFL
hide this ad
More By:
BrewFan101
Quiz
Plays
Rating
Category
Featured
Created
Aaron Rodgers TD receivers
2,690
Sports
Oct 22, 2019
Brewers first basemen since Prince Fielder left
115
Sports
Feb 18, 2024
Major League Baseball Achievements 2012
90
4.00
Sports
Oct 4, 2012
The first 50 Brewers of the 2023 season
60
5.00
Sports
Jul 6, 2023
Match the Wisconsin reference to the movie
40
4.00
Movies
Jan 24, 2020
Go to Creator's Profile
Score Distribution
Quiz Creator Spotlight
BrewFan101
Follow
Send a Message
Quizzes Created
-
Created Quiz Play Count
-
More By This Creator
Popular Quizzes Today
1
Find the Countries of Europe - No Outlines Minefield
2
Find the US States - No Outlines Minefield
3
The Countries of the World
4
Popular People in 1961
5
US States
6
1-10 Letter E Words III
7
Find the US States
8
One Thing in Common: World Cities II
More Sports Quizzes
MLB Active Stolen Base Leaders
Quiz Lab
Trending Quizzes
Risky Map Clicking: Least Populous States A-Z
1-10 Letter F Words
1-10 Letter G Words
One Thing in Common: United Kingdom
Risky Map Clicking: Next State Alphabetically
Recently Updated
Leaping Animals
pecheneg
Reality TV Shows (A-Z)
bhenderson79
Rickey Henderson's Hall of Fame Teammates
pecheneg
Champions League XIs: Arsenal
pecheneg
Quick Pick: Celebrities in WWE's Hall of Fame
aduchscher
A-Z Keypad Blitz II
pecheneg
Multiple Oscar Actors
pecheneg
Mystery Phrase Blitz: Oscar 'Best Actors'
pecheneg
F. Scott Fitzgerald Novels
LTH
Pick 3 Villains
ddd62291
Trending Topics
Crossword
Harry Potter
Disney
Kpop
Marvel
Anime
NBA
Soccer
NFL
Song
WWE
Puzzle
Pokémon
Country
The Office
Your Account Isn't Verified!
In order to create a playlist on Sporcle, you need to verify the email address you used during registration. Go to your
Sporcle Settings
to finish the process.
Report this User
Report this user for behavior that violates our
Community Guidelines
.
Details:
Send Report
Go to the Sporcle.com Mobile Site →
Comments